000 00461nam a2200169 a 4500
005 20140414132112.0
008 100823s19uu xx 00 eng d
050 _aVCD
_bP96
100 _aLucado, Max
245 _aPunchinello and the most marvelous gift.
260 _aNew York :
_bTommy Nelson,
_c2005.
300 _aApr 35 mins / Color / Stereo
440 _aMax Lucado's Wemmicks
650 _aFollowing rules
650 _aObedience
999 _c114777
_d114777